000 004660000a22001930004500
001 000855
003 MACL
005 20150821165445.0
008 150821b xxu||||| |||| 00| 0 eng d
040 _aMACL
_cMACL
041 _aEnglish
082 _a616.025/PHA
100 _aPhadke, P.S.
_96628
245 _aThe First Aid Guide
_cP.S. Phadke
260 _aNew Delhi
_c1999
_bHarper Collins,
350 _a250
650 _aMedical Science
_985
942 _k616
_cBK
_2ddc
999 _c853
_d853